Cher Songs - Sudden Death - Statistics

General Stats
  • This quiz has been taken 107 times
  • The average score is 11 of 18
Answers on the Grid
Answers color-coded by a green-red scale on the quiz's grid according to % correct below.
If I Could Turn Back Time
The Shoop Shop Song
The Rose
Half-Breed
Take Me Home
The Best
Gypsys, Tramps & Thieves
Woman in Love
Believe
She Works Hard for the Money
Save the Best for Last
Dark Lady
DJ Play a Christmas Song
If I Can't Have You
I Found Someone
How Will I Know
We All Sleep Alone
Song for the Lonely
Rain
All or Nothing
I'm Coming Out
Strong Enough
Time After Time
A Different Kind of Love Song
Just Like Jesse James
Heaven Is a Place on Earth
All I Really Want to Do
I'm So Excited
Bang Bang (My Baby Shot Me Down)
Call Me
This Will Be
You Better Sit Down Kids
 
Answer Stats
Answer % Correct
If I Could Turn Back Time
95%
Believe
93%
Gypsys, Tramps & Thieves
85%
The Shoop Shop Song
79%
Strong Enough
69%
Dark Lady
65%
Half-Breed
61%
Bang Bang (My Baby Shot Me Down)
60%
I Found Someone
60%
Just Like Jesse James
59%
We All Sleep Alone
57%
All or Nothing
47%
Song for the Lonely
45%
DJ Play a Christmas Song
44%
Take Me Home
43%
A Different Kind of Love Song
33%
All I Really Want to Do
32%
You Better Sit Down Kids
25%
No matching quizzes found
Score Distribution
Percent of People with Each Score
Percentile by Number Answered
Your Score History
You have not taken this quiz